[Event "Floripa Chess Open 2024"]
[Site "Florianopolis"]
[Date "2024.01.25"]
[Round "7.154"]
[White "Arosteguy, Vitor Augusto Colac"]
[Black "Costa, Ricardo Santos"]
[Result "0-1"]
[WhiteElo "1385"]
[BlackElo "1731"]
[PlyCount "48"]
[EventDate "2024.01.20"]
[EventRounds "10"]
[EventCountry "BRA"]

1. b3 d5 2. e3 e5 3. Nf3 ({RR} 3. g3 Nc6 4. Bb2 Be6 5. Bg2 Bd6 6. d3 Qd7 7. Nd2
Nf6 8. a3 a5 9. h3 h5 10. Ngf3 Bf5 11. Ng5 Ne7 12. Qe2 h4 13. g4 Bg6 14. O-O
O-O-O 15. c4 Kb8 16. b4 axb4 17. axb4 Bxb4 {Erigaisi,A (2704)-Jones,G (2618)
chess.com INT 2023 1-0}) 3... Bd6 $146 ({RR} 3... e4 4. Nd4 c5 5. Ne2 Nc6 6.
Bb2 Nf6 7. d4 Bg4 8. a3 cxd4 9. exd4 Bd6 10. c4 O-O 11. Qc2 Bxe2 12. Bxe2 Rc8
13. Nd2 Re8 14. O-O Qc7 15. h3 e3 16. fxe3 Rxe3 17. Bf3 Na5 18. Rac1 {
Domkarova,R-Broz,P Svetla nad Sazavou 1994 0-1 (72)}) ({RR} 3... e4 4. Ne5 Qf6
5. Bb2 Nd7 6. d4 Bd6 7. Nxd7 Bxd7 8. c4 c6 9. Nc3 Ne7 10. Qc1 O-O 11. Ba3 a5
12. Be2 Rac8 13. Na4 b5 14. Bxd6 Qxd6 15. Nc5 f5 16. f4 exf3 17. Bxf3 dxc4 18.
bxc4 {Gonzales,J (2395)-Mellado Trivino,J (2460) Manresa 1995 0-1}) 4. Bb2 f6
5. d4 e4 6. Nfd2 Qe7 7. c4 c6 8. Nc3 Be6 9. Be2 f5 10. Rc1 Nf6 11. cxd5 Nxd5
12. Nxd5 Bxd5 13. Bc4 O-O 14. O-O Nd7 15. Qe2 Nf6 16. f3 Kh8 17. fxe4 fxe4 18.
Rf2 a6 19. Rcf1 b5 20. Bxd5 cxd5 21. Rc1 Qd7 22. Nb1 Bxh2+ 23. Kxh2 Ng4+ 24.
Kg1 Nxf2 0-1

[Event "Floripa Chess Open 2024"]
[Site "Florianopolis"]
[Date "2024.01.25"]
[Round "7.156"]
[White "Tischler Lema Garcia, Maria Eduarda"]
[Black "Campora, Edgardo"]
[Result "1-0"]
[WhiteElo "1299"]
[BlackElo "1720"]
[PlyCount "65"]
[EventDate "2024.01.20"]
[EventRounds "10"]
[EventCountry "BRA"]

1. d4 d5 2. c4 dxc4 3. e3 e6 4. Bxc4 Nf6 5. Nf3 a6 6. O-O b5 7. Bd3 Bb7 8. b3
Nbd7 ({RR} 8... c5) 9. Bb2 Bd6 $146 ({RR} 9... Be7 10. Nc3 O-O 11. Rc1 c5 12.
Ne2 Rc8 13. Ng3 Qb6 14. Qe2 cxd4 15. Nxd4 Nc5 16. Bb1 Rfd8 17. Nf3 Nd5 18. Bd4
g6 19. Qb2 Qa5 20. e4 Nb4 21. Bc3 Ncd3 22. Bxd3 Rxd3 23. Ne5 Rcxc3 24. Rxc3 {
Kelly,T-Michell,R Crystal Palace/ London 1907 1-0 (36)}) ({RR} 9... c5 10. a4
b4 11. Nbd2 Be7 12. Nc4 Qc7 13. Rc1 O-O 14. Nce5 Rac8 15. Nxd7 Nxd7 16. dxc5
Nxc5 17. Qc2 h6 18. Bd4 Rfd8 19. Bh7+ Kh8 20. Ne5 Bd6 21. Bxc5 Bxe5 22. f4 Bc3
23. Bxb4 Rd2 24. Bxc3 {Vila Dupla,A (2030)-Zavgorodniy,S (2416) chess.com INT
2023 0-1}) ({RR} 9... c5 10. Qe2 cxd4 11. exd4 Be7 12. Nbd2 Nd5 13. g3 N7f6 14.
Rac1 O-O 15. Bb1 Qb6 16. h4 Rac8 17. Ne5 Bb4 18. Qd3 Bxd2 19. Qxd2 Qd6 20. f3
Ne7 21. g4 Ng6 22. Qh2 Qb6 23. Nxg6 hxg6 24. h5 {Rausch,S (2333)-Raetsky,A  
(2408) Seefeld 1999 1-0 (39)}) 10. Nbd2 c5 11. Rc1 O-O 12. Qe2 Rc8 13. Rfd1 Nd5
14. Ne4 Be7 15. dxc5 f5 16. Nd6 Bxd6 17. cxd6 Qb6 18. Ng5 Rxc1 19. Rxc1 Qxd6
20. e4 Nf4 21. Qf3 Nxd3 22. Qh5 h6 23. Qg6 Nf6 24. Bxf6 Rxf6 25. Qh7+ Kf8 26.
Qh8+ Ke7 27. Qxg7+ Ke8 28. Qxf6 hxg5 29. Qh8+ Qf8 30. Qh5+ Kd7 31. Qh7+ Kd8 32.
Qc7+ Ke8 33. Qb8+ 1-0

[Event "Floripa Chess Open 2024"]
[Site "Florianopolis"]
[Date "2024.01.25"]
[Round "7.157"]
[White "Moro, Antonio Renato Pere"]
[Black "Koinski, Carlos Cesar"]
[Result "1-0"]
[WhiteElo "1667"]
[BlackElo "1371"]
[PlyCount "43"]
[EventDate "2024.01.20"]
[EventRounds "10"]
[EventCountry "BRA"]

1. e4 c5 2. Nf3 b6 3. c4 Bb7 4. Nc3 e6 5. Be2 d6 6. O-O Be7 7. b3 Nf6 8. d3 h6
$146 ({RR} 8... O-O 9. Bb2 Nbd7 10. a3 Qc7 11. Rc1 Rad8 12. Qc2 Qb8 13. d4 cxd4
14. Nxd4 Qa8 15. f3 a6 16. Rfd1 Rfe8 17. b4 Bf8 18. Bf1 Ne5 19. Nb3 Rc8 20. Na4
Nfd7 21. Bxe5 Nxe5 22. Nxb6 Qa7 23. Qf2 {Lalic,P (2046)-Arkell,K (2409)
Gatwick 2011 1/2-1/2}) 9. Bb2 e5 10. Ne1 Nc6 11. Nd5 Bf8 12. f4 Nxd5 13. cxd5
Nd4 14. fxe5 Nxe2+ 15. Qxe2 Qg5 16. Qf2 Qg6 17. Nf3 Ba6 18. Rad1 Rd8 19. Kh1
Be7 20. exd6 Bxd6 21. Nh4 Qh5 22. g4 1-0

[Event "Floripa Chess Open 2024"]
[Site "Florianopolis"]
[Date "2024.01.25"]
[Round "7.158"]
[White "Espindola, Carlos Marcelo"]
[Black "Telles, Arnoldo Beber"]
[Result "1/2-1/2"]
[WhiteElo "1434"]
[BlackElo "1116"]
[PlyCount "116"]
[EventDate "2024.01.20"]
[EventRounds "10"]
[EventCountry "BRA"]

1. d4 d5 2. Nf3 Nf6 3. Bf4 Bf5 4. e3 e6 5. Nc3 a6 6. Be2 Be7 7. h3 h6 8. O-O
O-O 9. Re1 Nc6 10. a3 Bg6 $146 ({RR} 10... Qd7 11. Qd2 Rac8 12. Rad1 Ne4 13.
Qc1 Nxc3 14. bxc3 b5 15. Qb2 Rb8 16. Rb1 Bd6 17. Bxd6 Qxd6 18. Qa2 Ne7 19. Rb2
c6 20. Reb1 Nc8 21. Rb3 Nb6 22. Qb2 Na4 23. Qc1 Rfc8 24. Nh4 Bh7 25. Qd1 {
Karagullu,A (1135)-Ozturk,E (1271) Konya 2017 0-1 (39)}) 11. Nh4 Bh7 12. Nf3
Re8 13. Bf1 Bf8 14. Ne5 Nxe5 15. Bxe5 Bd6 16. Bxd6 Qxd6 17. Bd3 c6 18. Bxh7+
Nxh7 19. Ne2 e5 20. Ng3 e4 21. Nf5 Qf6 22. Qg4 Kf8 23. Rac1 b5 24. Ng3 Qg5 25.
Qd7 Rec8 26. Qd6+ Qe7 27. Qxe7+ Kxe7 28. Nf5+ Kf8 29. Kf1 Ng5 30. Ke2 Rc7 31.
Kd2 h5 32. c3 g6 33. Ng3 Ne6 34. Ne2 c5 35. Ng3 Nd8 36. Ne2 Nc6 37. Nf4 Rd8 38.
Ke2 c4 39. f3 exf3+ 40. Kxf3 Rd6 41. e4 dxe4+ 42. Rxe4 Ne7 43. Rce1 Rcd7 44.
Re5 Nc6 45. Re8+ Kg7 46. Ra8 Rd8 47. Rxd8 Rxd8 48. Re4 Kf6 49. Ne2 Ne7 50. Ng3
Rd7 51. Rf4+ Kg7 52. Re4 Nd5 53. Re8 Nf6 54. Re5 Rd6 55. Ne4 Nxe4 56. Rxe4 f5
57. Re5 Kf6 58. Kf4 g5+ 1/2-1/2

[Event "Floripa Chess Open 2024"]
[Site "Florianopolis"]
[Date "2024.01.25"]
[Round "7.159"]
[White "Lopes, Marcia Maria Dias"]
[Black "Mamede, Miguel Rodrigues"]
[Result "1-0"]
[WhiteElo "1297"]
[BlackElo "1800"]
[PlyCount "102"]
[EventDate "2024.01.20"]
[EventRounds "10"]
[EventCountry "BRA"]

1. d4 d5 2. Nf3 Nf6 3. Bf4 Bf5 4. e3 e6 5. c3 Bd6 6. Bg3 ({RR} 6. Nbd2 O-O 7.
Be2 Bxf4 8. exf4 Nbd7 9. Ne5 c5 10. Nb3 Qb6 11. Qc1 Rac8 12. O-O h6 13. Re1
Rfd8 14. Bf1 a5 15. dxc5 Nxc5 16. Nd4 Be4 17. Qd2 Nfd7 18. Nxd7 Rxd7 19. f3 Bg6
20. Kh1 Rdc7 {Vachier Lagrave,M (2760)-Wagner,D (2569) chess.com INT 2022 1-0 
(35)}) 6... Ne4 ({RR} 6... O-O 7. Qb3 b6 8. Nbd2 c5 9. Nh4 c4 10. Qa4 Bg4 11.
b3 cxb3 12. axb3 Ne4 13. Nxe4 dxe4 14. Bxd6 Qxd6 15. h3 Bh5 16. g4 Bg6 17. Bg2
f5 18. Nxg6 hxg6 19. O-O Nd7 20. Qa3 Qc7 21. c4 {Yang,H (1559)-Cong,D (1610)
Hefei CHN 2023 0-1 (46)}) 7. Bxd6 $146 ({RR} 7. Nbd2 O-O 8. Nxe4 Bxe4 9. Bd3
Bxd3 10. Qxd3 c6 11. e4 c5 12. exd5 exd5 13. O-O Bxg3 14. fxg3 cxd4 15. Nxd4
Nc6 16. Rad1 Qa5 17. a3 Ne5 18. Qb5 Qc7 19. Qb3 Nc4 20. Rf3 Rfe8 21. Qa2 Qc5 {
Zupec,N (1663)-Markoja,U (1505) Murska Sobota 2006 1/2-1/2}) ({RR} 7. Nbd2 Nxg3
8. hxg3 h6 9. c4 c6 10. Qb3 Qc7 11. Bd3 Bxd3 12. Qxd3 Nd7 13. Rc1 dxc4 14. Rxc4
Nb6 15. Rc1 Rd8 16. Qc2 Qe7 17. a3 e5 18. O-O exd4 19. Nxd4 O-O 20. Ne4 Rfe8
21. Nxd6 Qxd6 {Shipunov,I-Balenko,D Bila Tserkva 2006 1-0 (61)}) 7... Qxd6 8.
Nbd2 O-O 9. Nh4 Nd7 10. Nxf5 exf5 11. Be2 c5 12. O-O cxd4 13. cxd4 Rfc8 14.
Nxe4 fxe4 15. h3 h6 16. Qb3 Nb6 17. a4 a5 18. Bg4 Rc7 19. Rfc1 Rxc1+ 20. Rxc1
Qb4 21. Bd1 Qxb3 22. Bxb3 Kf8 23. Rc5 Ke7 24. Rc7+ Ke6 25. Rxb7 Nd7 26. Rc7 Kd6
27. Rc3 Rb8 28. Kf1 f5 29. g3 g5 30. Kg2 h5 31. f3 g4 32. fxg4 hxg4 33. h4 Rb4
34. Kf2 Nb6 35. Ke2 Nxa4 36. Bxa4 Rxa4 37. Rc1 Rb4 38. Rc2 a4 39. Kd2 Rb3 40.
Kc1 Rxe3 41. h5 Ke7 42. Rh2 Rxg3 43. h6 Rh3 44. Rxh3 gxh3 45. h7 f4 46. h8=Q f3
47. Qxh3 Kf6 48. Kd2 Kg5 49. Ke3 f2 50. Qg3+ Kf5 51. Qxf2+ Ke6 1-0

[Event "Floripa Chess Open 2024"]
[Site "Florianopolis"]
[Date "2024.01.25"]
[Round "7.161"]
[White "Setti, Dalmarino"]
[Black "De Souza, Felipe De Deus"]
[Result "1-0"]
[WhiteElo "1664"]
[BlackElo "1276"]
[PlyCount "90"]
[EventDate "2024.01.20"]
[EventRounds "10"]
[EventCountry "BRA"]

1. e4 c5 2. c4 g6 3. g3 Bg7 4. Bg2 Nc6 5. Nc3 Nf6 6. Nge2 O-O 7. O-O e5 8. d3
h6 9. h3 d6 10. Be3 Be6 $146 ({RR} 10... Nd7 11. Qd2 Kh7 12. g4 Ne7 13. Ng3 a6
14. Nce2 Rb8 15. Rab1 b6 16. f4 Ng8 17. f5 g5 18. Kf2 f6 19. Rh1 Ne7 20. h4 Kg8
21. hxg5 fxg5 22. Nh5 Ng6 23. Bf3 Nf4 24. Neg3 Nf6 25. Rh2 {Yermishin,V (2450)
-Djakova,D Sunny Beach 2005 1-0 (38)}) 11. f4 Qc8 12. Kh2 Ne8 13. Qd2 Kh7 14.
Rf2 f5 15. Raf1 Nf6 16. Nd5 Qd7 17. a3 Ne7 18. fxe5 dxe5 19. Bxc5 Bxd5 20. cxd5
fxe4 21. dxe4 b6 22. Bb4 a5 23. Bc3 Qd6 24. Qe3 Rac8 25. Qd3 Rc7 26. g4 Qc5 27.
Be1 Nc8 28. Ng3 Rcf7 29. Rc2 Qe7 30. Rc6 h5 31. g5 Nd7 32. Rxf7 Qxf7 33. Nxh5
gxh5 34. g6+ Qxg6 35. Rxg6 Kxg6 36. Qg3+ Kh7 37. Qg5 Nf6 38. Bg3 Re8 39. Bh4
Nd6 40. Qe3 Bh6 41. Qxb6 Ndxe4 42. Bxf6 Bf4+ 43. Kh1 Ng3+ 44. Kg1 Nf5 45. Qb7+
Kg6 1-0

[Event "Floripa Chess Open 2024"]
[Site "Florianopolis"]
[Date "2024.01.25"]
[Round "7.162"]
[White "Carneiro, Cristiana Fiusa"]
[Black "Goetten Wagner, Julia"]
[Result "1/2-1/2"]
[WhiteElo "1211"]
[BlackElo "1658"]
[PlyCount "86"]
[EventDate "2024.01.20"]
[EventRounds "10"]
[EventCountry "BRA"]

1. c4 c5 2. Nc3 Nc6 3. g3 g6 4. Bg2 Bg7 5. Nf3 e5 6. O-O d6 7. Rb1 Be6 8. d3
Nge7 9. a3 a5 10. Bd2 O-O 11. Nb5 Rb8 $146 ({RR} 11... d5 12. Ng5 Nd4 13. Nxe6
Nxe6 14. e3 d4 15. Bxb7 Rb8 16. Bg2 f5 17. Qe2 g5 18. exd4 Rxb5 19. cxb5 Nxd4
20. Qh5 f4 21. Qxg5 Qd7 22. Rfe1 f3 23. Bf1 Rf5 24. Bh3 Kh8 25. Be3 Ne2+ 26.
Kh1 {Dusbaba,K (2046)-Voriskova,A (1804) Hradec Kralove CZE 2022 1-0 (36)}) 12.
Ng5 Bg4 13. Ne4 d5 14. Nxc5 b6 15. Na4 Be6 16. b3 e4 17. cxd5 Bxd5 18. dxe4 Be6
19. Bc3 Bd7 20. Bxg7 Kxg7 21. Nac3 Ne5 22. Nd6 b5 23. h3 Qb6 24. Kh2 b4 25.
axb4 Qxb4 26. Na4 Rfd8 27. f4 Bxa4 28. fxe5 Be8 29. Nxe8+ Rxe8 30. Qd6 Qxd6 31.
exd6 Nc6 32. Rfd1 Red8 33. e3 Rb6 34. Bf3 Ne5 35. Be2 Rbxd6 36. Rxd6 Rxd6 37.
Rd1 Rxd1 38. Bxd1 Nd3 39. Be2 Nc5 40. Bc4 Nxe4 41. Bd5 Nc3 42. Bc4 f5 43. Kg2
Kf8 1/2-1/2

[Event "Floripa Chess Open 2024"]
[Site "Florianopolis"]
[Date "2024.01.25"]
[Round "7.163"]
[White "Goncalves, Richard Gabriel Sim"]
[Black "Bueno, Marcos Antonio Ferr"]
[Result "1/2-1/2"]
[WhiteElo "1800"]
[BlackElo "1644"]
[PlyCount "111"]
[EventDate "2024.01.20"]
[EventRounds "10"]
[EventCountry "BRA"]

1. d4 Nf6 2. Nf3 g6 3. e3 Bg7 4. Bd3 d5 5. O-O O-O 6. b3 Nbd7 7. Nbd2 c5 8. Bb2
Re8 ({RR} 8... b6 9. c4 Bb7 {1/2-1/2 (9) Golubov,S (2516)-Edouard,R (2622)
Warsaw 2017}) ({RR} 8... b6 9. Qe2 Bb7 10. Ba6 Qc8 11. Bxb7 Qxb7 12. c4 cxd4
13. Bxd4 Rac8 14. Rac1 Qa6 15. Rc2 Rfe8 16. Ne5 Nxe5 17. Bxe5 dxc4 18. Rxc4
Rxc4 19. Nxc4 b5 20. Nb2 Qc6 21. Qd3 Rc8 22. h3 a6 23. Qd4 {Md. Shawket Bin,O 
(2006)-Chatterjee,D (2216) Dhaka BAN 2019 1/2-1/2 (58)}) 9. Ne5 $146 ({RR} 9.
c4 e6 10. Rc1 b6 11. Re1 Bb7 12. a3 Ne4 13. Ne5 Rc8 14. Nb1 f6 15. Nxd7 Qxd7
16. Qe2 Qf7 17. f3 Nd6 18. Nc3 f5 19. Na4 f4 20. dxc5 bxc5 21. Bxg7 Kxg7 22.
Qb2+ Kg8 23. Qe5 Qd7 {Velez Alvarez,L (1822)-Calderon Zuta,N (1688) Ortega
2015 0-1 (37)}) 9... Qc7 10. f4 Nb6 11. c4 Be6 12. dxc5 Qxc5 13. Bd4 Qc7 14.
Rc1 Rac8 15. Ndf3 Qd8 16. Ng5 dxc4 17. Nxe6 fxe6 18. Nxc4 Nfd5 19. Bxg7 Kxg7
20. Qe2 Rf8 21. Rfd1 Qe8 22. Nxb6 Nxb6 23. Rxc8 Qxc8 24. Qb2+ Kg8 25. Qc2 Qxc2
26. Bxc2 Nd5 27. Kf2 Rc8 28. Be4 Nc3 29. Rd4 Nxe4+ 30. Rxe4 Rc2+ 31. Kf3 Rxa2
32. Rxe6 Kf7 33. Re4 Rb2 34. Rb4 b6 35. h4 Kf6 36. g4 Rb1 37. Rb5 Rh1 38. Kg2
Re1 39. Kf2 Rh1 40. g5+ Ke6 41. Kg3 Re1 42. Re5+ Kd6 43. b4 a6 44. e4 Rb1 45.
Rd5+ Kc6 46. Rd4 Rg1+ 47. Kh2 Rg4 48. e5 Rxh4+ 49. Kg3 Rh1 50. Rc4+ Kb5 51. Rc7
Kxb4 52. Rxe7 a5 53. e6 Re1 54. Kf2 Re4 55. Kf3 Re1 56. Kf2 1/2-1/2

[Event "Floripa Chess Open 2024"]
[Site "Florianopolis"]
[Date "2024.01.25"]
[Round "7.164"]
[White "Gorgen, Raphael Rebello Hor"]
[Black "Gomes, Marco Tulio Caldeir"]
[Result "0-1"]
[WhiteElo "1779"]
[BlackElo "1637"]
[PlyCount "47"]
[EventDate "2024.01.20"]
[EventRounds "10"]
[EventCountry "BRA"]

1. e4 c5 2. Nf3 d6 3. Bb5+ Bd7 4. Bxd7+ Nxd7 5. O-O Ngf6 6. Qe2 e5 7. c3 Be7 8.
d4 cxd4 9. cxd4 O-O 10. Nc3 a6 ({RR} 10... Re8 11. Rd1 Qb8 12. Bg5 a6 13. Rac1
b5 14. dxe5 dxe5 15. Nd5 Nxd5 16. Rxd5 Bxg5 17. Nxg5 Qb7 18. f3 f6 19. Nh3 Nf8
20. Qd1 Ne6 21. Rd7 Qb6+ 22. Kh1 Rad8 23. Qd5 Rxd7 24. Qxd7 Rd8 25. Rc8 {
Sosovickova,M (1877)-Balazs,S (1552) Montesilvano ITA 2023 1-0 (33)}) 11. a4
$146 ({RR} 11. Rd1 Qb6 12. Be3 Qd8 13. dxe5 dxe5 14. Nxe5 Qc7 15. Nxd7 Nxd7 16.
Nd5 Qe5 17. Bf4 {1-0 (17) Narayanan,S (2100)-Dai,G chess.com INT 2020}) ({RR} 
11. Rd1 Qb6 12. Be3 Qd8 13. dxe5 dxe5 14. Nxe5 Qc7 15. Nxd7 Nxd7 16. Nd5 Qe5
17. Bf4 {1-0 (17) Narayanan,S (2100)-Dai,G chess.com INT 2020}) 11... b6 12.
Bd2 Qc7 13. Rfc1 Qb7 14. Rab1 Rab8 15. b4 b5 16. a5 Rbc8 17. d5 Rc4 18. Bg5
Rfc8 19. Bxf6 Nxf6 20. Nd2 Rxc3 21. Re1 Rc2 22. Qd1 Qa7 23. Nf3 Qxf2+ 24. Kh1
0-1

[Event "Floripa Chess Open 2024"]
[Site "Florianopolis"]
[Date "2024.01.25"]
[Round "7.165"]
[White "Vaz, Osvaldo Jose"]
[Black "Salamanca Paraguayo, Mateo"]
[Result "1-0"]
[WhiteElo "1627"]
[BlackElo "1182"]
[PlyCount "57"]
[EventDate "2024.01.20"]
[EventRounds "10"]
[EventCountry "BRA"]

1. e4 c5 2. Nf3 Nc6 3. b4 Nxb4 4. c3 Nc6 5. d4 e6 ({RR} 5... cxd4 6. cxd4 d6 7.
d5 Nb8 8. Bb5+ Bd7 9. Qb3 a6 10. Bd3 Bc8 11. Be3 Nd7 12. Nc3 Ngf6 13. O-O g6
14. e5 dxe5 15. d6 Bg7 16. Bc4 O-O 17. Ng5 Qe8 18. Nce4 b5 19. dxe7 Qxe7 20.
Bxf7+ {Yoo,C (2606)-Pranav,V (2608) chess.com INT 2023 0-1 (40)}) ({RR} 5... d5
6. exd5 Qxd5 7. Na3 Bg4 8. Bc4 ({RR} 8. Be2 e6 9. c4 Qd7 10. d5 Bxf3 11. Bxf3
Nd4 12. O-O e5 13. Re1 Bd6 14. Rb1 Ne7 15. Nb5 Nxb5 16. Rxb5 O-O 17. Bb2 Ng6
18. Be4 f5 19. Bb1 Rae8 20. g3 e4 21. Qh5 Be5 22. Bc1 Bd4) 8... Qe4+ 9. Be3
cxd4 10. cxd4 e6 ({RR} 10... e5 11. Nb5 Bb4+ 12. Kf1 O-O-O 13. Qa4 exd4 14.
Nxa7+ Nxa7 15. Qxb4 dxe3 16. Rc1 Nc6 17. Qb6 Bxf3 18. Ba6 e2+ 19. Kg1 Rd1+ 20.
Rxd1 exd1=Q+ 21. Bf1 Qxf1+ 22. Kxf1 Qe2+ 23. Kg1 Qe1#) 11. Nb5 Rc8 12. O-O Nf6
13. Qb3 Bxf3 14. gxf3 Qf5 15. Bd3 Qxf3 16. Rfe1 Be7 17. Be2 Qf5 18. Bd3 Qg4+
19. Kh1 Qf3+ 20. Kg1 {Vaz,O (1627)-Filgueiras,N (2321) Florianopolis SC 2024
0-1}) 6. d5 exd5 7. exd5 Qe7+ $146 ({RR} 7... Nce7 8. c4 d6 9. Bd3 Nf6 10. Bb2
Ng6 11. O-O Be7 12. Nbd2 O-O 13. Re1 Bg4 14. h3 Bxf3 15. Nxf3 Qd7 16. a4 Rae8
17. a5 Bd8 18. Qd2 Rxe1+ 19. Rxe1 Re8 20. Rxe8+ Qxe8 21. g3 Nd7 22. Kg2 {
Villing,D (2280)-Weiler,V Hassloch 1998 1-0 (46)}) 8. Be2 Ne5 9. O-O Nf6 10.
Re1 d6 11. Bf4 Qc7 12. Nxe5 dxe5 13. Bxe5 Bd6 14. Bxf6 gxf6 15. Bb5+ Kd8 16.
Qf3 Bxh2+ 17. Kh1 Be5 18. d6 Qb6 19. Rxe5 f5 20. Na3 a6 21. d7 axb5 22. dxc8=Q+
Kxc8 23. c4 Qh6+ 24. Kg1 Kb8 25. Nxb5 f4 26. Rae1 Qc6 27. Qxf4 Kc8 28. Re8+ Kd7
29. Qxf7# 1-0

[Event "Floripa Chess Open 2024"]
[Site "Florianopolis"]
[Date "2024.01.25"]
[Round "7.197"]
[White "Antunes, Luan Netto Nikifork"]
[Black "Monteiro, Melissa"]
[Result "1-0"]
[WhiteElo "1797"]
[BlackElo "1340"]
[PlyCount "103"]
[EventDate "2024.01.20"]
[EventRounds "10"]
[EventCountry "BRA"]

1. e4 c6 2. d4 d5 3. exd5 cxd5 4. c4 Nf6 5. Nc3 g6 6. Nf3 Bg7 7. Bf4 O-O 8. Be2
Nc6 9. O-O Re8 ({RR} 9... h6 10. Rc1 Be6 11. Ne5 dxc4 12. Nxc6 bxc6 13. Be5 Nd7
14. Bxg7 Kxg7 15. Bf3 Rc8 16. Qa4 Qb6 17. Rfd1 Nf6 18. Qa3 Rfd8 19. Qxe7 Rxd4
20. Rxd4 Qxd4 21. Rd1 Qb6 22. Rd2 Re8 23. Qd6 Bg4 24. Kf1 {Fritz,R (2350)
-Mehler,G (2275) Germany 1989 1/2-1/2 (49)}) ({RR} 9... Qa5 10. a3 dxc4 11.
Bxc4 Rd8 12. Nb5 Ne8 13. Qb3 e6 14. d5 exd5 15. Bxd5 Rxd5 16. Qxd5 Be6 17. Qd3
Bxb2 18. Rad1 Qa4 19. Qb1 Qxb5 20. Rd2 Qc4 21. Qxb2 Qxf4 22. Qxb7 Rc8 23. Re1
Qc7 24. Qa6 {Sieber,M (2110)-Kraus,F (1972) Jastrzebie-Zdroj POL 2018 1/2-1/2 
(33)}) 10. Be5 $146 ({RR} 10. h3 Bf5 11. Rc1 Rc8 12. Re1 h6 13. Bf1 Be6 14. c5
Bf5 15. g4 Be4 16. Ne5 g5 17. Nxc6 bxc6 18. Bg3 Qd7 19. f3 Bg6 20. Ba6 Rcd8 21.
b4 Rb8 22. b5 cxb5 23. Nxb5 Rbc8 24. Bxc8 Rxc8 {Schoen,R-Flierl,P Bellheim
1994 1-0 (32)}) ({RR} 10. h3 e6 11. c5 Ne4 12. Bb5 Nxc3 13. bxc3 f6 14. Re1 Bd7
15. Bd6 Rc8 16. Rb1 Qa5 17. Qb3 a6 18. Bf1 Nd8 19. c4 Bc6 20. cxd5 Bxd5 21.
Qxd5 exd5 22. Rxe8+ Kf7 23. Re7+ Kg8 24. Re8+ {1/2-1/2 (24) Budin,F (1906)
-Nazarchuk,E (1802) Eybens-Chambery 2014}) 10... Nxe5 11. dxe5 Ng4 12. cxd5
Nxe5 13. Nxe5 Bxe5 14. Re1 Qd6 15. g3 e6 16. Bf3 Bxc3 17. bxc3 e5 18. c4 e4 19.
Bxe4 Bf5 20. Bxf5 gxf5 21. Qd4 b6 22. Re3 Rxe3 23. Qxe3 f6 24. Re1 Rc8 25. Qe7
Qxe7 26. Rxe7 Rxc4 27. d6 Kf8 28. Rxh7 Ke8 29. Rxa7 Rd4 30. d7+ Kd8 31. Rb7 f4
32. Kg2 fxg3 33. hxg3 Rxd7 34. Rxd7+ Kxd7 35. Kf3 Ke6 36. Kf4 f5 37. f3 Kf6 38.
a4 Ke6 39. g4 fxg4 40. fxg4 Kf6 41. g5+ Kg6 42. Kg4 Kf7 43. Kf5 Kg7 44. g6 Kf8
45. Kg5 Kg8 46. Kf6 Kf8 47. g7+ Kg8 48. Kg6 b5 49. a5 b4 50. a6 b3 51. a7 b2
52. a8=Q# 1-0

[Event "Floripa Chess Open 2024"]
[Site "Florianopolis"]
[Date "2024.01.25"]
[Round "7.198"]
[White "Moura, Bernardo Lalane Mas"]
[Black "Nilson, Ramiro"]
[Result "1-0"]
[WhiteElo "1327"]
[BlackElo "1800"]
[PlyCount "61"]
[EventDate "2024.01.20"]
[EventRounds "10"]
[EventCountry "BRA"]

1. d4 d5 2. c4 c6 3. Nf3 Nf6 4. e3 g6 5. b3 Bg7 6. Bb2 O-O 7. Bd3 e6 8. O-O b6
9. Nbd2 Bb7 10. Qc2 $146 ({RR} 10. Ne5 Nbd7 11. f4 Rc8 12. b4 c5 13. bxc5 bxc5
14. Qa4 Nxe5 15. dxe5 Ng4 16. cxd5 Qxd5 17. Be4 Qxd2 18. Bxb7 Qxe3+ 19. Kh1
Nf2+ {0-1 (19) Will,P (2114)-Maier,A (2306) Frankfurt 2014}) 10... Nbd7 11. b4
Rc8 12. c5 a5 13. a3 Ra8 14. e4 Ba6 15. Bxa6 Rxa6 16. e5 Ng4 17. Rac1 b5 18.
Ne1 Ra8 19. Qb3 Bh6 20. f4 Ne3 21. Qxe3 f6 22. Qh3 Bg7 23. Qxe6+ Kh8 24. Qxc6
axb4 25. axb4 Ra2 26. Nd3 fxe5 27. fxe5 Rxf1+ 28. Rxf1 Qg5 29. Qxd7 Qxd2 30.
Qe8+ Bf8 31. Qxf8# 1-0

[Event "Floripa Chess Open 2024"]
[Site "Florianopolis"]
[Date "2024.01.25"]
[Round "7.199"]
[White "Fernandez Pena, Daniel"]
[Black "Nunes, Lilia"]
[Result "1-0"]
[WhiteElo "1800"]
[BlackElo "1325"]
[PlyCount "107"]
[EventDate "2024.01.20"]
[EventRounds "10"]
[EventCountry "BRA"]

1. d4 d5 2. Bf4 Nf6 3. e3 c5 4. c3 Nc6 5. Nf3 e6 6. Nbd2 cxd4 7. exd4 Bd6 8.
Bg5 O-O 9. Bd3 e5 10. dxe5 Nxe5 11. Nxe5 Bxe5 12. O-O h6 13. Bh4 Qc7 14. Nf3
Bg4 15. Bg3 $146 ({RR} 15. h3 g5 16. hxg4 gxh4 17. Bf5 Bf4 18. Nxh4 Kg7 19. g3
Bd6 20. Qf3 Rae8 21. Rfe1 Ne4 22. Bxe4 dxe4 23. Nf5+ Kg6 24. Rxe4 Re6 25. Rae1
Rf6 26. Qh1 Kh7 27. Re8 Bc5 28. Rxf8 Bxf8 29. Qf3 Qd7 {Pohrer,H (1744)-Market,
H (1772) Schloss Schney 2000 1-0 (40)}) 15... Rfe8 16. Bc2 Rad8 17. Qd3 Bxf3
18. gxf3 Qb6 19. b3 d4 20. c4 Qb4 21. a3 Qc3 22. Kg2 Re6 23. Rfd1 Rde8 24. Rac1
Qb2 25. b4 Bxg3 26. hxg3 Re2 27. Rf1 R8e3 28. Qf5 Kf8 29. Qc8+ Re8 30. Qc5+ Kg8
31. Ba4 Rd8 32. Qc7 Rf8 33. Qxb7 Rxf2+ 34. Rxf2 Qxc1 35. c5 d3 36. c6 d2 37. c7
Nd7 38. Rf1 Nb6 39. Qxa7 Nxa4 40. Qxa4 Qxc7 41. Rd1 Rd8 42. Qb3 Qc1 43. b5 Re8
44. b6 Re2+ 45. Kh3 Qc8+ 46. g4 h5 47. Qb4 Qb8 48. f4 hxg4+ 49. Kxg4 f5+ 50.
Kf3 Re4 51. Qxd2 Qxb6 52. Qd5+ Kh8 53. Rh1+ Qh6 54. Qxe4 1-0

[Event "Floripa Chess Open 2024"]
[Site "Florianopolis"]
[Date "2024.01.25"]
[Round "7.200"]
[White "Leith Acosta, Marcelo Alejandro"]
[Black "Nobre, Jailson Altair Barb"]
[Result "1/2-1/2"]
[WhiteElo "1110"]
[BlackElo "1512"]
[PlyCount "111"]
[EventDate "2024.01.20"]
[EventRounds "10"]
[EventCountry "BRA"]

1. d4 Nf6 2. Nf3 e6 3. e3 d5 4. Bd3 Nbd7 5. c3 c5 6. Nbd2 Bd6 7. O-O O-O 8. b3
({RR} 8. h3) 8... cxd4 ({RR} 8... e5 9. dxe5 Nxe5 10. Nxe5 Bxe5 11. Bb2 Qc7 12.
f4 Bd6 13. c4 d4 14. Qf3 Re8 15. Rae1 Qa5 16. Qd1 Bg4 17. Nf3 Rxe3 18. Rxe3
dxe3 19. Bxf6 gxf6 20. Bxh7+ Kg7 21. Bb1 Bxf4 22. Qd3 Rh8 23. h3 {Herzog,A 
(2337)-Knaak,R (2482) Rhodes GRE 2019 0-1 (44)}) 9. exd4 $146 ({RR} 9. cxd4 e5
10. dxe5 Nxe5 11. Nxe5 Bxe5 12. Rb1 Ng4 13. g3 Qf6 14. Nf3 Nh6 15. Nxe5 Qxe5
16. Bb2 Qg5 17. f4 Qg4 18. Qxg4 Bxg4 19. e4 dxe4 20. Bxe4 Bf5 21. Bxf5 Nxf5 22.
Rf3 Rac8 23. Rc1 Rxc1+ {Vuckovic,M (1044)-Yelina,L (1730) Germany 2016 1/2-1/2}
) 9... Qc7 10. Bb2 g6 11. c4 dxc4 12. Nxc4 h6 13. Rc1 Bf4 14. Rc2 Qd8 15. Ba3
Re8 16. Nd6 Bxd6 17. Bxd6 Nd5 18. Ba3 N7f6 19. Ne5 Qa5 20. Nc4 Qd8 21. Nd6 Bd7
22. Nxe8 Bxe8 23. Be2 Bc6 24. Bf3 Qa5 25. Bd6 Nc3 26. Qe1 Nfd5 27. Bxd5 Qxd5
28. f3 Qxd4+ 29. Qf2 Qxd6 30. Rxc3 Rd8 31. Rcc1 Bb5 32. Rfe1 Bc6 33. h3 Kf8 34.
Rcd1 Qc7 35. Rxd8+ Qxd8 36. Qc5+ Kg8 37. Qf2 Qd6 38. Qe2 Qg3 39. Rd1 Bd5 40.
Rc1 Kf8 41. Qf2 Qe5 42. Qc5+ Kg7 43. Qc3 Qxc3 44. Rxc3 h5 45. Kf2 h4 46. g3
hxg3+ 47. Kxg3 g5 48. f4 Kg6 49. fxg5 Kxg5 50. Re3 f5 51. h4+ Kh5 52. Rc3 Bc6
53. Rc2 Be4 54. Rc1 Kh6 55. Kf4 Bd5 56. Rg1 1/2-1/2